Introduction to variance estimation

Saved in:
Bibliografiske detaljer
Hovedforfatter: Wolter, Kirk M (Author)
Format: Bog
Sprog:engelsk
Udgivet: Nueva York Springer 2003
Serier:Springer Series in Statistics
Fag:
Tags: Tilføj Tag
Ingen Tags, Vær først til at tagge denne postø!

MARC

LEADER 00000nam a2200000 a 4500
001 UCK6551
003 CL-VaPUC
008 051007e20030000US |||||||||||||||||eng|d
020 |a 0387406220 
082 0 4 |a 519.538  |b WOL  |2 21 
100 0 |a Wolter, Kirk M  |e author  |9 495927 
245 1 0 |a Introduction to variance estimation 
300 |a 427 p 
942 |c BK 
945 |d 20051007 00:00:00  |a jcarroza 
260 |a Nueva York  |b Springer  |c 2003 
650 0 |a Estadística   |9 259535 
650 0 |a Análisis de varianza   |9 336938 
650 0 |a Estimación   |9 373802 
650 0 |a Métodos estadísticos   |9 259407 
583 |a last modification  |c 20051007 00:00:00  |k Rodrigo Vera 
490 0 |a Springer Series in Statistics 
999 |c 314828  |d 314826 
952 |0 0  |1 0  |4 0  |6 519_538000000000000_WOL_2003  |7 0  |8 A  |9 387578  |a BIBGIM  |b BIBGIM  |d 2019-11-22  |i 4172191  |o 519.538 WOL 2003  |p 4172191  |r 2025-01-15  |w 2019-11-22  |y BK  |k EST